[Event "US Masters op"]
[Site "Charlotte"]
[Date "2023.11.24"]
[Round "5"]
[White "Siddharth, Jagadeesh"]
[Black "Erenburg, Sergey"]
[Result "1/2-1/2"]
[WhiteElo "2438"]
[BlackElo "2547"]
[PlyCount "70"]
[EventDate "2023.11.22"]
[EventType "swiss"]
[EventRounds "9"]
[EventCountry "USA"]
[SourceTitle "CB48_2023"]
[SourceDate "2023.11.29"]
[SourceVersion "1"]
[SourceVersionDate "2023.11.29"]
[SourceQuality "1"]

1. e4 c6 2. d4 d5 3. e5 Bf5 4. h4 h5 5. Bd3 Bxd3 6. Qxd3 Qa5+ 7. Nd2 e6 8. Ngf3 Nh6 9. 0-0 Nf5 10. a4 Be7 11. Nb3 Qa6 12. Qd1 Nd7 13. g3 c5 14. dxc5 Bxc5 15. c3 Rc8 16. Kg2 Qc4 17. Nbd4 Bxd4 18. Nxd4 Nxe5 19. b3 Qxc3 20. Nxf5 Qxa1 21. Qe2 Rxc1 22. Rxc1 Qxc1 23. Qxe5 Qc6 24. Kg1 d4 25. Qb8+ Kd7 26. Qxh8 exf5 27. Qxg7 Qd5 28. Qg5 Qf3 29. Qf6 d3 30. Qxf7+ Kd6 31. Qf6+ Kc5 32. Qe7+ Kc6 33. Qe6+ Kc5 34. Qe7+ Kc6 35. Qe6+ Kc5 1/2-1/2

[Event "Charlotte Summer op"]
[Site "Charlotte"]
[Date "2023.07.15"]
[Round "3"]
[White "Erenburg, Sergey"]
[Black "Carter, Emmanuel"]
[Result "1-0"]
[WhiteElo "2559"]
[BlackElo "1955"]
[PlyCount "57"]
[EventDate "2023.07.14"]
[EventType "swiss"]
[EventRounds "5"]
[EventCountry "USA"]
[SourceTitle "CBM 215 Extra"]
[Source "ChessBase"]
[SourceDate "2023.09.30"]
[SourceVersion "1"]
[SourceVersionDate "2023.09.30"]
[SourceQuality "1"]

1. e4 e6 2. d4 d5 3. Nd2 c5 4. Ngf3 Nc6 5. exd5 exd5 6. Bb5 Nf6 7. 0-0 Be7 8. dxc5 0-0 9. Nb3 Ne4 10. Be3 Bg4 11. Be2 Rc8 12. h3 Bh5 13. Nfd2 Bxe2 14. Qxe2 Nf6 15. Rad1 Qc7 16. Nf3 Rfe8 17. c3 a6 18. Qd3 Rcd8 19. Qf5 g6 20. Bf4 Qd7 21. Qxd7 Nxd7 22. Rxd5 Nxc5 23. Rxc5 Bxc5 24. Nxc5 Re2 25. Rb1 b6 26. Kf1 Ree8 27. Nb3 b5 28. Nbd4 Na5 29. Bc7 1-0

[Event "Charlotte Super op"]
[Site "Charlotte"]
[Date "2023.07.12"]
[Round "7"]
[White "Erenburg, Sergey"]
[Black "Huston, Gus"]
[Result "0-1"]
[WhiteElo "2559"]
[BlackElo "2341"]
[PlyCount "80"]
[EventDate "2023.07.09"]
[EventType "swiss"]
[EventRounds "9"]
[EventCountry "USA"]
[SourceTitle "CBM 215 Extra"]
[Source "ChessBase"]
[SourceDate "2023.09.30"]
[SourceVersion "1"]
[SourceVersionDate "2023.09.30"]
[SourceQuality "1"]

1. e4 c5 2. Nf3 d6 3. d4 cxd4 4. Nxd4 Nf6 5. Nc3 Nc6 6. Bg5 e6 7. Qd2 a6 8. 0-0-0 Bd7 9. f3 Nxd4 10. Qxd4 Be7 11. Kb1 Qc7 12. h4 b5 13. h5 h6 14. Bh4 Rb8 15. g4 b4 16. Ne2 a5 17. Qe3 a4 18. Nd4 Qc5 19. Qd2 0-0 20. Bf2 Qc3 21. Qc1 Qc7 22. Rg1 Nh7 23. f4 e5 24. Nf5 Bxf5 25. gxf5 exf4 26. Bd4 Bg5 27. Qxf4 b3 28. Qf2 Rfc8 29. Bd3 bxc2+ 30. Qxc2 Qa5 31. Qf2 a3 32. b3 Rb4 33. Rxg5 Nxg5 34. f6 Ne6 35. Ba1 Qxh5 36. Rg1 Qc5 37. Qf1 Qe3 38. fxg7 Qd2 39. Bf6 Nd4 40. Rg2 Rxb3+ 0-1

[Event "Charlotte Super op"]
[Site "Charlotte"]
[Date "2023.07.11"]
[Round "4"]
[White "Zhou, Jianchao"]
[Black "Erenburg, Sergey"]
[Result "1/2-1/2"]
[WhiteElo "2540"]
[BlackElo "2559"]
[PlyCount "107"]
[EventDate "2023.07.09"]
[EventType "swiss"]
[EventRounds "9"]
[EventCountry "USA"]
[SourceTitle "CBM 215 Extra"]
[Source "ChessBase"]
[SourceDate "2023.09.30"]
[SourceVersion "1"]
[SourceVersionDate "2023.09.30"]
[SourceQuality "1"]

1. Nf3 d5 2. g3 c6 3. c4 Bg4 4. Ne5 Be6 5. Bg2 Nd7 6. cxd5 Bxd5 7. Bxd5 cxd5 8. Qa4 Qc7 9. Qxd7+ Qxd7 10. Nxd7 Kxd7 11. d4 Rc8 12. Nc3 e6 13. Bd2 Ne7 14. e3 Nf5 15. Ke2 Bb4 16. Rhc1 Bxc3 17. Bxc3 h5 18. f3 g5 19. e4 Nd6 20. exd5 exd5 21. Kd3 g4 22. Rf1 Rce8 23. b3 Re6 24. Rae1 Rxe1 25. Bxe1 gxf3 26. Rxf3 Ke6 27. Rf4 Ne4 28. Rh4 f5 29. Bd2 Kf6 30. Rf4 Rc8 31. Rf1 Rc6 32. Rc1 Nxd2 33. Rxc6+ bxc6 34. Kxd2 Kg5 35. Ke3 Kg4 36. Kf2 Kh3 37. Kg1 f4 38. Kf2 Kg4 39. Kg2 fxg3 40. hxg3 h4 41. gxh4 Kxh4 42. Kf3 Kg5 43. Kg3 Kf5 44. Kf3 a5 45. a3 Ke6 46. Kf4 Kd6 47. Ke3 c5 48. dxc5+ Kxc5 49. Kd3 Kc6 50. Kd4 Kd6 51. b4 axb4 52. axb4 Kc6 53. b5+ Kxb5 54. Kxd5 1/2-1/2

[Event "North American Blitz op 30th"]
[Site "ICC INT"]
[Date "2020.12.31"]
[Round "7"]
[White "Erenburg, Sergey"]
[Black "Chasin, Nico Werner"]
[Result "0-1"]
[WhiteElo "2559"]
[BlackElo "2292"]
[PlyCount "136"]
[EventDate "2020.12.31"]
[EventType "swiss (blitz)"]
[EventRounds "11"]
[EventCountry "USA"]
[SourceTitle "CBM 200 Extra"]
[Source "ChessBase"]
[SourceDate "2021.03.31"]
[SourceVersion "1"]
[SourceVersionDate "2021.03.31"]
[SourceQuality "1"]

1. e4 c5 2. Nf3 e6 3. d4 cxd4 4. Nxd4 Nc6 5. Nc3 Qc7 6. Be3 a6 7. Be2 Nf6 8. 0-0 d6 9. f4 Bd7 10. Qe1 b5 11. a3 Be7 12. Qg3 0-0 13. Kh1 Nxd4 14. Bxd4 Bc6 15. Rae1 Rad8 16. Bf3 Qd7 17. Nd1 Ne8 18. Nf2 Bf6 19. Bxf6 Nxf6 20. e5 dxe5 21. fxe5 Ne8 22. Rd1 Bd5 23. Ng4 Qe7 24. Bxd5 exd5 25. Nf6+ Kh8 26. Nxd5 Qc5 27. Nc3 Rxd1 28. Rxd1 Nc7 29. Rd7 Ne6 30. Qf3 Qxe5 31. h3 f5 32. Rd5 Qe1+ 33. Kh2 f4 34. Rd1 Qe5 35. Rd5 Qf6 36. Rd6 Ng5 37. Qd5 Qe7 38. Rd7 Qf6 39. Rd6 Qe7 40. Rd7 Qe8 41. Qd4 Qg6 42. Qd6 Qf5 43. Qe7 Ne6 44. Rd5 Qg6 45. Rd6 f3 46. Qxf8+ Nxf8 47. Rxg6 f2 48. Rxa6 f1Q 49. Ra8 Qf4+ 50. Kh1 Kg8 51. Nd5 Qc1+ 52. Kh2 Qxc2 53. Rc8 Qxb2 54. Nf4 Qe5 55. g3 g5 56. Ng2 Kg7 57. Rc2 Ne6 58. Rf2 h5 59. h4 g4 60. Nf4 Nxf4 61. Rxf4 Qe2+ 62. Kg1 Qe3+ 63. Kg2 Qxa3 64. Rf5 Qb2+ 65. Rf2 Qxf2+ 66. Kxf2 Kf6 67. Ke3 Ke5 68. Kd3 b4 0-1

[Event "North American Blitz op 30th"]
[Site "ICC INT"]
[Date "2020.12.31"]
[Round "2"]
[White "Tanaka, Taira Tyler"]
[Black "Erenburg, Sergey"]
[Result "0-1"]
[WhiteElo "2099"]
[BlackElo "2559"]
[PlyCount "90"]
[EventDate "2020.12.31"]
[EventType "swiss (blitz)"]
[EventRounds "11"]
[EventCountry "USA"]
[SourceTitle "CBM 200 Extra"]
[Source "ChessBase"]
[SourceDate "2021.03.31"]
[SourceVersion "1"]
[SourceVersionDate "2021.03.31"]
[SourceQuality "1"]

1. e4 c6 2. Nc3 d5 3. Nf3 a6 4. d4 Bg4 5. Be2 e6 6. 0-0 Nf6 7. e5 Nfd7 8. Bg5 Be7 9. Bxe7 Qxe7 10. Ne1 Bxe2 11. Nxe2 c5 12. c3 Nc6 13. f4 f5 14. exf6 Nxf6 15. Nd3 cxd4 16. Nxd4 Nxd4 17. cxd4 0-0 18. Qe2 Ne4 19. Kh1 Rac8 20. Rac1 Qf6 21. Qe3 h6 22. Rxc8 Rxc8 23. Nc5 Nxc5 24. dxc5 d4 25. Qe4 Rxc5 26. Qxb7 Qxf4 27. Qa8+ Kh7 28. Qxa6 Rc1 29. Kg1 Qe3+ 30. Kh1 d3 31. Qxd3+ Qxd3 32. Rxc1 Qd2 33. Rb1 Qc2 34. Re1 Qxb2 35. h3 Qxa2 36. Re3 Qd5 37. Kg1 Qd4 38. Kf2 e5 39. Kf3 Qf4+ 40. Ke2 e4 41. g3 Qe5 42. h4 Qd4 43. Kf2 Kg6 44. g4 Qd2+ 45. Re2 Qf4+ 0-1

[Event "North American op 30th"]
[Site "ICC INT"]
[Date "2020.12.29"]
[Round "7"]
[White "Erenburg, Sergey"]
[Black "Yan, Rui Yang"]
[Result "1-0"]
[WhiteElo "2559"]
[BlackElo "2093"]
[PlyCount "117"]
[EventDate "2020.12.26"]
[EventType "swiss"]
[EventRounds "8"]
[EventCountry "USA"]
[SourceTitle "CBM 200 Extra"]
[Source "ChessBase"]
[SourceDate "2021.03.31"]
[SourceVersion "1"]
[SourceVersionDate "2021.03.31"]
[SourceQuality "1"]

1. e4 c5 2. Nf3 d6 3. Bb5+ Nd7 4. c3 Ngf6 5. Bd3 a6 6. Bc2 e5 7. d4 Be7 8. a4 0-0 9. 0-0 Qc7 10. d5 b6 11. c4 Re8 12. Nc3 Nf8 13. Ne1 Ng6 14. g3 Bf8 15. Ng2 Bh3 16. Qd3 Qc8 17. Ra3 h6 18. a5 bxa5 19. Bd2 Nh7 20. f4 exf4 21. gxf4 Nf6 22. Qf3 Kh8 23. Kh1 Ra7 24. Rg1 Qg4 25. Ne1 Qxf3+ 26. Nxf3 Bg4 27. Kg2 Nh5 28. Kf2 Bd7 29. f5 Ne5 30. Nxe5 Rxe5 31. Rxa5 Ra8 32. Kf3 Kh7 33. Nd1 Ree8 34. Bc3 Be7 35. e5 Bd8 36. e6 Bxa5 37. exd7 Red8 38. Bxa5 Rxd7 39. Bc3 Nf6 40. Bxf6 gxf6 41. Nf2 Rg8 42. Ng4 Kh8 43. Ra1 Kg7 44. Rxa6 Rgd8 45. Nf2 Kf8 46. Ne4 Ke7 47. Ra1 Rb7 48. b3 Re8 49. Kf2 Rd8 50. Re1 Kd7 51. Nxf6+ Kc8 52. Ra1 Kb8 53. Kf3 Re7 54. Ne4 Ra7 55. Rxa7 Kxa7 56. f6 Kb7 57. Kg4 Kc7 58. Kh5 Ra8 59. Nc3 1-0

[Event "North American op 30th"]
[Site "ICC INT"]
[Date "2020.12.28"]
[Round "6"]
[White "Safarli, Eltaj"]
[Black "Erenburg, Sergey"]
[Result "1-0"]
[WhiteElo "2598"]
[BlackElo "2559"]
[PlyCount "123"]
[EventDate "2020.12.26"]
[EventType "swiss"]
[EventRounds "8"]
[EventCountry "USA"]
[SourceTitle "CBM 200 Extra"]
[Source "ChessBase"]
[SourceDate "2021.03.31"]
[SourceVersion "1"]
[SourceVersionDate "2021.03.31"]
[SourceQuality "1"]

1. e4 c6 2. d4 d5 3. exd5 cxd5 4. c4 Nf6 5. Nc3 g6 6. Qb3 Bg7 7. cxd5 0-0 8. Be2 Na6 9. Bf3 Qb6 10. Qxb6 axb6 11. Nge2 Nb4 12. 0-0 Rd8 13. d6 Rxd6 14. Bf4 Rd7 15. Be5 e6 16. Rfd1 Nc6 17. Bf4 Ne7 18. a3 Nfd5 19. Be5 Rd8 20. Rac1 Bh6 21. Rc2 Bd7 22. Nxd5 Nxd5 23. Bxd5 exd5 24. Nc3 Rac8 25. Re2 Be6 26. h4 Rc6 27. h5 gxh5 28. Bf6 Rdc8 29. Rde1 Kf8 30. f3 Rc4 31. Re5 Bd2 32. R1e2 Bxc3 33. bxc3 Rxc3 34. Rxh5 Rxa3 35. Rb2 Rc6 36. Rxh7 Ke8 37. Rh8+ Kd7 38. Kh2 Bf5 39. Be5 Rc8 40. Rxc8 Kxc8 41. Rxb6 Ra6 42. Rb5 Be6 43. g4 Rc6 44. Kg3 Rc3 45. Kf4 Bd7 46. Ra5 b5 47. Ra7 Be6 48. Ra8+ Kd7 49. Rb8 Rb3 50. Rb6 b4 51. g5 Rb1 52. Bd6 b3 53. Bc5 Kc7 54. Ke5 b2 55. Kf6 Kd7 56. Rb7+ Kc6 57. Rb6+ Kd7 58. Rb7+ Kc6 59. Rb3 Rf1 60. Rxb2 Rxf3+ 61. Ke7 Bc8 62. Kd8 1-0

[Event "North American op 30th"]
[Site "ICC INT"]
[Date "2020.12.26"]
[Round "1"]
[White "De la Colina, Nicolas"]
[Black "Erenburg, Sergey"]
[Result "0-1"]
[WhiteElo "1969"]
[BlackElo "2559"]
[PlyCount "96"]
[EventDate "2020.12.26"]
[EventType "swiss"]
[EventRounds "8"]
[EventCountry "USA"]
[SourceTitle "CBM 200 Extra"]
[Source "ChessBase"]
[SourceDate "2021.03.31"]
[SourceVersion "1"]
[SourceVersionDate "2021.03.31"]
[SourceQuality "1"]

1. e4 c6 2. d4 d5 3. exd5 cxd5 4. Bd3 Nf6 5. c3 Nc6 6. Bf4 Bg4 7. Qb3 Qc8 8. Nd2 e6 9. Ngf3 Be7 10. 0-0 Bh5 11. Ne5 Nxe5 12. Bxe5 0-0 13. Rfe1 Bg6 14. Bxg6 hxg6 15. Bxf6 gxf6 16. Rac1 Qd7 17. Re3 Kg7 18. Rh3 b5 19. a3 a5 20. Rd3 Rfc8 21. Qd1 Qc6 22. Qe2 Rc7 23. h3 Rac8 24. Re3 b4 25. axb4 axb4 26. c4 dxc4 27. Rxc4 Qd5 28. Rxc7 Rxc7 29. Nf3 Rc1+ 30. Kh2 Qf5 31. Rd3 Qb5 32. Rd2 Qxe2 33. Rxe2 b3 34. Ne1 Rc4 35. Re3 Bb4 36. Nf3 Bd6+ 37. Kh1 Rc1+ 38. Ng1 Rc2 39. Rxb3 Rxf2 40. Rb6 Bf4 41. Rb3 Bc1 42. Rd3 Rxb2 43. Rd1 Bf4 44. Nf3 e5 45. dxe5 fxe5 46. Re1 Bg3 47. Rd1 e4 48. Ne1 Re2 0-1

[Event "North American op 30th"]
[Site "ICC INT"]
[Date "2020.12.26"]
[Round "2"]
[White "Erenburg, Sergey"]
[Black "Morefield, Jason P"]
[Result "1/2-1/2"]
[WhiteElo "2559"]
[BlackElo "2227"]
[PlyCount "87"]
[EventDate "2020.12.26"]
[EventType "swiss"]
[EventRounds "8"]
[EventCountry "USA"]
[SourceTitle "CBM 200 Extra"]
[Source "ChessBase"]
[SourceDate "2021.03.31"]
[SourceVersion "1"]
[SourceVersionDate "2021.03.31"]
[SourceQuality "1"]

1. e4 e5 2. Nf3 Nc6 3. Bb5 a6 4. Ba4 Nf6 5. 0-0 Be7 6. d3 b5 7. Bb3 0-0 8. a4 Rb8 9. axb5 axb5 10. Nc3 d6 11. Nd5 h6 12. c3 Re8 13. Ne1 Be6 14. Nc2 Qd7 15. f4 exf4 16. Bxf4 Ne5 17. Nd4 Bg4 18. Qc2 c5 19. Bxe5 dxe5 20. Nf5 Nxd5 21. Bxd5 Rb6 22. Qb3 Rf8 23. Nxe7+ Qxe7 24. Rxf7 Rxf7 25. Bxf7+ Kh7 26. Bg8+ Kg6 27. h3 Bc8 28. Rf1 c4 29. Qc2 Qc5+ 30. d4 exd4 31. Qf2 Rf6 32. Qg3+ Qg5 33. Rxf6+ gxf6 34. Qc7 Bd7 35. cxd4 h5 36. b3 Qe3+ 37. Kh2 c3 38. d5 h4 39. Qxd7 Qg3+ 40. Kh1 Qe1+ 41. Kh2 Qg3+ 42. Kh1 Qe1+ 43. Kh2 Qg3+ 44. Kh1 1/2-1/2

[Event "USA National op 51st"]
[Site "ICC INT"]
[Date "2020.11.27"]
[Round "3"]
[White "Erenburg, Sergey"]
[Black "Lee, Alice"]
[Result "1-0"]
[WhiteElo "2559"]
[BlackElo "1967"]
[PlyCount "69"]
[EventDate "2020.11.27"]
[EventType "swiss"]
[EventRounds "9"]
[EventCountry "USA"]
[SourceTitle "CBM 199 Extra"]
[Source "ChessBase"]
[SourceDate "2021.01.31"]
[SourceVersion "1"]
[SourceVersionDate "2021.01.31"]
[SourceQuality "1"]

1. e4 c6 2. d4 d5 3. e5 Bf5 4. Nf3 e6 5. Be2 c5 6. Be3 Qb6 7. Nc3 Nc6 8. 0-0 Qxb2 9. Qe1 cxd4 10. Bxd4 Nxd4 11. Nxd4 Bb4 12. Ndb5 Rc8 13. Rb1 Bxc3 14. Nd6+ Kd7 15. Rxb2 Bxe1 16. Rxb7+ Kc6 17. Bb5+ Kc5 18. Nxc8 Bd2 19. Nd6 Nh6 20. Rc7+ Kd4 21. Rd1 Kxe5 22. Nxf5 Nxf5 23. Rxd2 Rb8 24. Bf1 Nd6 25. Rxa7 Rb1 26. g3 Ne4 27. Rd3 Nc5 28. Re3+ Kf6 29. Rf3+ Kg6 30. Rfxf7 Ne4 31. Kg2 Nf6 32. Bd3+ Kh6 33. Rxf6+ gxf6 34. Rxh7+ Kg5 35. h4+ 1-0

[Event "USA National op 51st"]
[Site "ICC INT"]
[Date "2020.11.27"]
[Round "2"]
[White "Luo, Terry"]
[Black "Erenburg, Sergey"]
[Result "1-0"]
[WhiteElo "2124"]
[BlackElo "2559"]
[PlyCount "113"]
[EventDate "2020.11.27"]
[EventType "swiss"]
[EventRounds "9"]
[EventCountry "USA"]
[SourceTitle "CBM 199 Extra"]
[Source "ChessBase"]
[SourceDate "2021.01.31"]
[SourceVersion "1"]
[SourceVersionDate "2021.01.31"]
[SourceQuality "1"]

1. d4 d5 2. c4 e6 3. Nf3 Nf6 4. g3 c6 5. Bg2 dxc4 6. 0-0 b5 7. a4 Bb7 8. Ne5 Qc8 9. Nc3 a6 10. e4 Be7 11. g4 0-0 12. g5 Nfd7 13. Ng4 b4 14. Ne2 Rd8 15. Ng3 c5 16. d5 Nb6 17. a5 Nxd5 18. exd5 Bxd5 19. Bxd5 Rxd5 20. Qe2 Bxg5 21. Bxg5 Rxg5 22. h4 Rd5 23. Ne3 Nc6 24. Qxc4 Re5 25. Qf4 Qb7 26. Rfd1 Qc7 27. Kh2 Rc8 28. Rac1 Nxa5 29. Qxb4 h6 30. Qf4 c4 31. b4 g5 32. hxg5 hxg5 33. Qf6 Nc6 34. Rxc4 Rb5 35. Ng4 Rf8 36. Rdc1 Qe7 37. Rxc6 Qxf6 38. Nxf6+ Kg7 39. Nge4 Rh8+ 40. Kg3 Rxb4 41. Rc8 Rb8 42. Rxh8 Rxh8 43. Kg4 Ra8 44. Kxg5 a5 45. Nh5+ Kf8 46. Kf6 e5 47. Kxe5 a4 48. Nhf6 a3 49. Ra1 a2 50. Kd4 Ke7 51. Kc3 Ke6 52. Kb2 Rb8+ 53. Kxa2 Ke5 54. Rb1 Ra8+ 55. Kb2 Ra4 56. Kc3 Ra3+ 57. Kd2 1-0

[Event "World op 48th"]
[Site "ICC INT"]
[Date "2020.08.09"]
[Round "7"]
[White "Erenburg, Sergey"]
[Black "Kavi, Nithin"]
[Result "1-0"]
[WhiteElo "2559"]
[BlackElo "2132"]
[PlyCount "61"]
[EventDate "2020.08.07"]
[EventType "swiss"]
[EventRounds "9"]
[EventCountry "USA"]
[SourceTitle "CBM 197 Extra"]
[Source "ChessBase"]
[SourceDate "2020.09.30"]
[SourceVersion "1"]
[SourceVersionDate "2020.09.30"]
[SourceQuality "1"]

1. e4 c5 2. Nf3 d6 3. Bb5+ Nd7 4. c3 a6 5. Bd3 Ngf6 6. Bc2 e5 7. d4 Be7 8. 0-0 0-0 9. Re1 b5 10. Nbd2 Bb7 11. Nf1 Re8 12. Ng3 cxd4 13. cxd4 exd4 14. Nxd4 Bf8 15. Bg5 g6 16. Rc1 Bg7 17. Ndf5 gxf5 18. Nxf5 Ne5 19. Bb3 d5 20. exd5 Bc8 21. Nxg7 Kxg7 22. Qd4 Ned7 23. Qh4 Rxe1+ 24. Rxe1 h5 25. Re3 a5 26. Rg3 Kh8 27. Bh6 Qe8 28. Bg7+ Kh7 29. Bc2+ Kg8 30. Bxf6+ Kf8 31. Rg8+ 1-0

[Event "World op 48th"]
[Site "ICC INT"]
[Date "2020.08.09"]
[Round "9"]
[White "Erenburg, Sergey"]
[Black "Luo, Terry"]
[Result "1-0"]
[WhiteElo "2559"]
[BlackElo "2124"]
[PlyCount "59"]
[EventDate "2020.08.07"]
[EventType "swiss"]
[EventRounds "9"]
[EventCountry "USA"]
[SourceTitle "CBM 197 Extra"]
[Source "ChessBase"]
[SourceDate "2020.09.30"]
[SourceVersion "1"]
[SourceVersionDate "2020.09.30"]
[SourceQuality "1"]

1. e4 c5 2. Nf3 d6 3. Bb5+ Bd7 4. c4 Nf6 5. Nc3 a6 6. Bxd7+ Qxd7 7. d4 cxd4 8. Nxd4 Nc6 9. 0-0 g6 10. Nd5 Nxd5 11. exd5 Ne5 12. b3 Bg7 13. h3 Qd8 14. Re1 0-0 15. Bg5 h6 16. Be3 Nd7 17. Qd2 Kh7 18. Rad1 Nf6 19. f4 Qd7 20. Qd3 Rae8 21. Bf2 e5 22. dxe6 fxe6 23. Nf3 Nh5 24. Qxd6 Qxd6 25. Rxd6 Nxf4 26. Rd7 Kg8 27. Rxb7 Nxh3+ 28. gxh3 Rxf3 29. Kg2 Rc3 30. Rxg7+ 1-0

[Event "World op 48th"]
[Site "ICC INT"]
[Date "2020.08.09"]
[Round "8"]
[White "Sinha, Sahil"]
[Black "Erenburg, Sergey"]
[Result "1-0"]
[WhiteElo "2324"]
[BlackElo "2559"]
[PlyCount "75"]
[EventDate "2020.08.07"]
[EventType "swiss"]
[EventRounds "9"]
[EventCountry "USA"]
[SourceTitle "CBM 197 Extra"]
[Source "ChessBase"]
[SourceDate "2020.09.30"]
[SourceVersion "1"]
[SourceVersionDate "2020.09.30"]
[SourceQuality "1"]

1. d4 d5 2. c4 e6 3. Nf3 Nf6 4. g3 dxc4 5. Qa4+ c6 6. Qxc4 b5 7. Qc2 Bb7 8. Bg2 Nbd7 9. 0-0 Rc8 10. a4 Be7 11. Rd1 0-0 12. Ne5 Nd5 13. Nc3 Nxe5 14. dxe5 b4 15. Ne4 c5 16. Nd2 Qc7 17. Nc4 Rfd8 18. b3 Ba6 19. Bb2 Nb6 20. Nxb6 Qxb6 21. Be4 c4 22. Rxd8+ Rxd8 23. bxc4 Bc5 24. Kg2 b3 25. a5 Qb4 26. Qc3 Qxc3 27. Bxc3 Bxc4 28. Rb1 Rb8 29. Kf1 Kf8 30. Ke1 Ke7 31. f4 Ba3 32. Bd3 Bxd3 33. exd3 Kd7 34. Kd2 Kc6 35. Bb2 Bb4+ 36. Bc3 Bxc3+ 37. Kxc3 b2 38. g4 1-0

[Event "World op 48th"]
[Site "ICC INT"]
[Date "2020.08.08"]
[Round "4"]
[White "Khattar, Tanmay"]
[Black "Erenburg, Sergey"]
[Result "1/2-1/2"]
[WhiteElo "2027"]
[BlackElo "2559"]
[PlyCount "109"]
[EventDate "2020.08.07"]
[EventType "swiss"]
[EventRounds "9"]
[EventCountry "USA"]
[SourceTitle "CBM 197 Extra"]
[Source "ChessBase"]
[SourceDate "2020.09.30"]
[SourceVersion "1"]
[SourceVersionDate "2020.09.30"]
[SourceQuality "1"]

1. d4 d5 2. c4 e6 3. Nc3 c6 4. e4 Bb4 5. cxd5 exd5 6. e5 Ne7 7. a3 Bxc3+ 8. bxc3 c5 9. Bd3 Nbc6 10. Ne2 Bf5 11. f4 cxd4 12. cxd4 0-0 13. 0-0 f6 14. Bxf5 Nxf5 15. g4 Nfe7 16. Rb1 Qd7 17. f5 fxe5 18. dxe5 Nxe5 19. Nf4 Rf7 20. Qb3 Nxg4 21. Qxb7 Qxb7 22. Rxb7 Nxf5 23. Rxf7 Kxf7 24. Nxd5 g6 25. Bf4 Rd8 26. h3 Nh2 27. Kxh2 Rxd5 28. Rc1 Rd4 29. Rc7+ Ke6 30. Bc1 Rd7 31. Rxd7 Kxd7 32. Kg2 Ke6 33. Kf3 Kd5 34. Kg4 Ke4 35. h4 h5+ 36. Kg5 Kf3 37. Bd2 a6 38. a4 Ng3 39. Ba5 Ne4+ 40. Kxg6 Kg4 41. Bd8 Ng3 42. Kf7 Nf5 43. Ke6 Nxh4 44. Kd5 Nf3 45. Kc6 Ng5 46. a5 h4 47. Kb6 h3 48. Bc7 Ne4 49. Bh2 Nd2 50. Kxa6 Nb3 51. Kb6 Nxa5 52. Kxa5 Kf3 53. Bb8 Kg2 54. Bc7 h2 55. Bxh2 1/2-1/2

[Event "PRO League Stage"]
[Site "Chess.com INT"]
[Date "2020.02.17"]
[Round "7"]
[White "Demidov, Mikhail"]
[Black "Erenburg, Sergey"]
[Result "0-1"]
[WhiteElo "2552"]
[BlackElo "2559"]
[PlyCount "168"]
[EventDate "2020.01.06"]
[EventType "team-swiss (rapid)"]
[EventRounds "7"]
[EventCountry "USA"]
[SourceTitle "CBM 194 Extra"]
[Source "ChessBase"]
[SourceDate "2020.03.31"]
[SourceVersion "1"]
[SourceVersionDate "2020.03.31"]
[SourceQuality "1"]
[WhiteTeam "Russia Wizards"]
[BlackTeam "Israel Counsellors"]
[WhiteTeamCountry "RUS"]
[BlackTeamCountry "ISR"]

1. Nf3 d5 2. g3 Nf6 3. Bg2 c6 4. 0-0 Bg4 5. h3 Bxf3 6. Bxf3 e6 7. Bg2 Be7 8. d3 0-0 9. e4 a5 10. Qe2 Qb6 11. Nd2 Rd8 12. e5 Nfd7 13. Kh1 Na6 14. f4 Nc7 15. Nf3 Re8 16. c3 f6 17. exf6 Bxf6 18. d4 c5 19. Ne5 Nxe5 20. dxe5 Be7 21. Be3 Rf8 22. Bg1 a4 23. g4 Qa6 24. Qc2 b5 25. f5 Rad8 26. f6 gxf6 27. exf6 Rxf6 28. Rxf6 Bxf6 29. Bxc5 Qc6 30. Qf2 Bg7 31. Rf1 Qd7 32. Qe3 Re8 33. Qd3 Na6 34. Bd4 Nb8 35. Bxg7 Kxg7 36. Qd4+ Kg8 37. Qc5 Rc8 38. Qb4 Na6 39. Qf4 Nc5 40. Qd4 Qg7 41. Qe3 Qd7 42. g5 Qg7 43. Rf6 Kh8 44. h4 a3 45. b4 Ne4 46. Bxe4 dxe4 47. Qxe4 Qc7 48. Rf3 Qc4 49. Qe5+ Kg8 50. Qf6 Qxh4+ 51. Kg2 Qg4+ 52. Kf2 Qh4+ 53. Ke2 Qe4+ 54. Kf1 Qxf3+ 55. Qxf3 Rf8 56. Kf2 Rxf3+ 57. Kxf3 Kf7 58. Ke4 Ke7 59. Ke5 Kd7 60. Kf6 Kd6 61. Kg7 e5 62. Kxh7 e4 63. g6 e3 64. g7 e2 65. g8Q e1Q 66. Qd8+ Kc6 67. Qc8+ Kd6 68. Qa6+ Ke7 69. Qa7+ Kf6 70. Qd4+ Qe5 71. Qb6+ Qe6 72. Qd8+ Qe7+ 73. Qxe7+ Kxe7 74. Kg8 Ke6 75. Kf8 Kd5 76. Ke7 Kc4 77. Kd6 Kxc3 78. Kc5 Kb2 79. Kxb5 Kxa2 80. Kc4 Kb2 81. b5 a2 82. b6 a1Q 83. b7 Qa7 84. b8Q+ Qxb8 0-1

[Event "PRO League Stage"]
[Site "Chess.com INT"]
[Date "2020.02.17"]
[Round "7"]
[White "Erenburg, Sergey"]
[Black "Anisimov, Pavel"]
[Result "1/2-1/2"]
[WhiteElo "2559"]
[BlackElo "2527"]
[PlyCount "71"]
[EventDate "2020.01.06"]
[EventType "team-swiss (rapid)"]
[EventRounds "7"]
[EventCountry "USA"]
[SourceTitle "CBM 194 Extra"]
[Source "ChessBase"]
[SourceDate "2020.03.31"]
[SourceVersion "1"]
[SourceVersionDate "2020.03.31"]
[SourceQuality "1"]
[WhiteTeam "Israel Counsellors"]
[BlackTeam "Russia Wizards"]
[WhiteTeamCountry "ISR"]
[BlackTeamCountry "RUS"]

1. e4 e6 2. d4 d5 3. Nd2 dxe4 4. Nxe4 Nd7 5. Bd3 Ngf6 6. Qe2 c5 7. Nf3 Nxe4 8. Bxe4 Nf6 9. 0-0 Nxe4 10. Qxe4 cxd4 11. Nxd4 Be7 12. Rd1 0-0 13. Bf4 Qb6 14. a4 a6 15. Be5 f6 16. a5 Qc5 17. Bg3 e5 18. Nf5 Bxf5 19. Qxf5 Rfd8 20. h4 Qc6 21. h5 Rxd1+ 22. Rxd1 Rd8 23. Rd3 Rxd3 24. Qxd3 h6 25. f3 Kf8 26. Bf2 Qa4 27. Bb6 Qa1+ 28. Kh2 Qxb2 29. Qe4 Bd6 30. Qxb7 e4+ 31. Kh3 Qe5 32. Qc8+ Kf7 33. Qc4+ Kf8 34. Qc8+ Kf7 35. Qc4+ Kf8 36. Qc8+ 1/2-1/2

[Event "PRO League Stage"]
[Site "Chess.com INT"]
[Date "2020.02.17"]
[Round "7"]
[White "Savchenko, Boris"]
[Black "Erenburg, Sergey"]
[Result "1-0"]
[WhiteElo "2573"]
[BlackElo "2559"]
[PlyCount "95"]
[EventDate "2020.01.06"]
[EventType "team-swiss (rapid)"]
[EventRounds "7"]
[EventCountry "USA"]
[SourceTitle "CBM 194 Extra"]
[Source "ChessBase"]
[SourceDate "2020.03.31"]
[SourceVersion "1"]
[SourceVersionDate "2020.03.31"]
[SourceQuality "1"]
[WhiteTeam "Russia Wizards"]
[BlackTeam "Israel Counsellors"]
[WhiteTeamCountry "RUS"]
[BlackTeamCountry "ISR"]

1. e4 c6 2. Nc3 d5 3. Nf3 Bg4 4. h3 Bxf3 5. Qxf3 Nf6 6. Be2 e6 7. 0-0 Bc5 8. d3 0-0 9. Qg3 Bd4 10. Bh6 Ne8 11. Be3 Bxe3 12. fxe3 d4 13. exd4 Qxd4+ 14. Kh1 c5 15. Rae1 Nc6 16. Nd1 Qd6 17. Qf2 Qd4 18. Qg3 Qd6 19. Qf2 Nd4 20. Bh5 g6 21. c3 Nc6 22. Be2 f5 23. exf5 exf5 24. Ne3 Nf6 25. Nc4 Qd5 26. Bf3 Qxd3 27. Qxc5 Ne4 28. Bxe4 fxe4 29. Ne3 Rad8 30. Rd1 Qe2 31. Kh2 Rxf1 32. Rxf1 Qxb2 33. Ng4 Qd2 34. Qc4+ Kh8 35. Qxe4 Qd6+ 36. Kh1 Rf8 37. Rb1 Rf7 38. Qe3 Qe7 39. Qd3 Kg7 40. Qd2 Qe4 41. Rxb7 Rxb7 42. Qh6+ Kf7 43. Qxh7+ Ke6 44. Qxb7 Qe1+ 45. Kh2 Qxc3 46. Qc8+ Kf7 47. Qxc6 Qxc6 48. Ne5+ 1-0